000 00698cam a2200205 4500
001 WB3714-47
008 000000n2001 000 0 eng u
035 _a(Sirsi) u111849
245 _aFarms inquiry confusion
260 _c2001
490 _aIndependent
_v 4 April 2001, 1(1)
520 _aThe government's strategy for the future of agriculture has been plunged into confusion after a ministerial pledge of an inquiry into the implications of the FMD outbreak was withdrawn.
590 _aWB
650 _aFOOT-AND-MOUTH DISEASE
650 _aPUBLIC INQUIRY
650 _aGOVERNMENT POLICY
650 _aAGRICULTURAL POLICY
690 _aRURAL-AGRICULTURE AND FORESTRY
942 _n0
999 _c66656
_d66656